[Event "40. Open Ciudad de Sevilla 2015"]
[Site "Sevilla ESP"]
[Date "2015.02.01"]
[Round "9.1"]
[White "Stopa, Jacek"]
[Black "Galego, Luis"]
[Result "1/2-1/2"]
[WhiteElo "2531"]
[BlackElo "2461"]
[PlyCount "92"]
[EventDate "2015.01.25"]
[EventType "swiss"]
[EventRounds "9"]
[EventCountry "ESP"]
[Source "lmi"]
[SourceDate "2015.01.25"]

1. d4 Nf6 2. c4 d6 3. Nf3 Nbd7 4. Nc3 e5 5. e4 Be7 6. Be2 O-O 7. O-O c6 8. Qc2
a6 9. Rb1 Re8 10. Rd1 Bf8 11. d5 c5 12. Ne1 g6 13. a3 h5 14. b4 b6 15. Nd3 Nh7
16. bxc5 bxc5 17. g3 h4 18. Bf1 Ndf6 19. Bg2 Nh5 20. Qe2 hxg3 21. hxg3 Ra7 22.
Rb8 Qc7 23. Qb2 Bd7 24. Rb3 f5 25. Bd2 Bg7 26. Rb1 Bc8 27. Rb8 Rf8 28. Qb6 Qe7
29. exf5 Bxf5 30. Rxf8+ Bxf8 31. Ne4 N5f6 32. f3 Nxe4 33. fxe4 Bc8 34. Qb8 Rb7
35. Rxb7 Qxb7 36. Qxb7 Bxb7 37. Bh3 Be7 38. Nf2 Bg5 39. Ba5 Kf8 40. Kf1 Bc1 41.
a4 Ng5 42. Bg2 Bc8 43. Bd8 Nf7 44. Bb6 Bd7 45. a5 Ke7 46. Ke2 Bb2 1/2-1/2

[Event "40. Open Ciudad de Sevilla 2015"]
[Site "Sevilla ESP"]
[Date "2015.02.01"]
[Round "9.2"]
[White "Oral, Tomas"]
[Black "Campora Sivori, Daniel"]
[Result "1/2-1/2"]
[WhiteElo "2498"]
[BlackElo "2456"]
[PlyCount "97"]
[EventDate "2015.01.25"]
[EventType "swiss"]
[EventRounds "9"]
[EventCountry "ESP"]
[Source "lmi"]
[SourceDate "2015.01.25"]

1. e4 d6 2. d4 Nf6 3. Nc3 e5 4. Nf3 Nbd7 5. Bc4 Be7 6. O-O O-O 7. Re1 c6 8. a4
b6 9. d5 cxd5 10. Nxd5 Nxd5 11. Bxd5 Rb8 12. b3 a6 13. Qe2 Nf6 14. Bc4 Bb7 15.
Bxa6 Bxe4 16. Bg5 Ba8 17. Rad1 Ne4 18. Bd2 Qc7 19. Bd3 f5 20. Bb4 d5 21. Bxe7
Qxe7 22. Bxe4 fxe4 23. Nd2 Rbd8 24. c4 Qb4 25. cxd5 Bxd5 26. Qe3 Rfe8 27. Rb1
Bf7 28. Nxe4 Rd4 29. Ng5 Bg6 30. Rbd1 Rxd1 31. Rxd1 Bc2 32. Rc1 Qxb3 33. Qd2
Bg6 34. Qd7 h6 35. Nf3 Qe6 36. Qb5 Be4 37. Nd2 Bd5 38. f3 Rd8 39. Re1 Bc6 40.
Qb4 Qd5 41. Nb3 Ra8 42. Qxb6 Bxa4 43. Nc1 Bb5 44. h3 Kh8 45. Qe3 Ra1 46. Kh2
Qd4 47. Qxe5 Qxe5+ 48. Rxe5 Rxc1 49. Rxb5 1/2-1/2

[Event "40. Open Ciudad de Sevilla 2015"]
[Site "Sevilla ESP"]
[Date "2015.02.01"]
[Round "9.3"]
[White "Fernandez Romero, Ernesto"]
[Black "Aranaz Portugues, Jose Carlos"]
[Result "1-0"]
[WhiteElo "2483"]
[BlackElo "2106"]
[PlyCount "79"]
[EventDate "2015.01.25"]
[EventType "swiss"]
[EventRounds "9"]
[EventCountry "ESP"]
[Source "lmi"]
[SourceDate "2015.01.25"]

1. e4 e6 2. d4 d5 3. Nd2 Nf6 4. e5 Ng8 5. c3 c5 6. Bd3 Nc6 7. Ne2 Qb6 8. O-O
cxd4 9. cxd4 Nxd4 10. Nxd4 Qxd4 11. Nf3 Qb6 12. Be3 Bc5 13. Bxc5 Qxc5 14. Rc1
Qb6 15. Qa4+ Bd7 16. Qg4 g6 17. Ng5 f5 18. exf6 Nxf6 19. Qh4 Ke7 20. Rfe1 Raf8
21. Rc2 h6 22. Nxe6 Bxe6 23. Rce2 g5 24. Rxe6+ Qxe6 25. Qb4+ Kf7 26. Rxe6 Kxe6
27. Qxb7 Rb8 28. Qc6+ Kf7 29. Qc7+ Ke6 30. Bg6 Rhf8 31. Qxa7 Nd7 32. g4 Kd6 33.
Bf5 Ne5 34. Qa3+ Kc6 35. b4 Ra8 36. Qc3+ Nc4 37. Qd4 Rfd8 38. Qc5+ Kb7 39. b5
Rab8 40. Qc6+ 1-0

[Event "40. Open Ciudad de Sevilla 2015"]
[Site "Sevilla ESP"]
[Date "2015.02.01"]
[Round "9.4"]
[White "Starostits, Ilmars"]
[Black "Perez Mitjans, Orelvis"]
[Result "1/2-1/2"]
[WhiteElo "2441"]
[BlackElo "2463"]
[PlyCount "134"]
[EventDate "2015.01.25"]
[EventType "swiss"]
[EventRounds "9"]
[EventCountry "ESP"]
[Source "lmi"]
[SourceDate "2015.01.25"]

1. d4 Nf6 2. Nf3 g6 3. c4 c5 4. Nc3 Bg7 5. d5 O-O 6. e4 d6 7. Bd3 e6 8. O-O
exd5 9. cxd5 Bg4 10. h3 Bxf3 11. Qxf3 Nbd7 12. Qd1 a6 13. a4 Re8 14. Bg5 Rc8
15. Qd2 c4 16. Bc2 Nc5 17. Rfe1 Qb6 18. a5 Qb4 19. Ba4 Nfd7 20. Be3 Re7 21. Bg5
f6 22. Bxd7 Rxd7 23. Na4 c3 24. bxc3 Qxa5 25. Nxc5 Qxc5 26. Be3 Qc4 27. Bd4 Re8
28. Rab1 b5 29. Ra1 Ra8 30. Ra5 f5 31. Bxg7 Rxg7 32. exf5 gxf5 33. Re6 f4 34.
Rf6 Qe4 35. f3 Qxf3 36. Rxf4 Qxh3 37. Qf2 Re8 38. Ra1 Qxc3 39. Rxa6 Rg6 40. Rc6
Qa1+ 41. Kh2 Qe5 42. Qd4 Rh6+ 43. Kg3 Qxd4 44. Rxd4 Rg6+ 45. Kf2 Ra8 46. Rd2
Ra1 47. Rb6 Rb1 48. Re2 Rf6+ 49. Ke3 Kg7 50. Rd2 Rg6 51. Ke4 b4 52. Rf2 h5 53.
Kd3 Rg3+ 54. Kc4 b3 55. Kd4 Rg6 56. Rf3 Kh6 57. Rfxb3 Rxb3 58. Rxb3 Rxg2 59.
Rb6 Rg6 60. Ke4 h4 61. Rb3 h3 62. Rxh3+ Kg7 63. Ra3 Kf6 64. Rb3 Rg4+ 65. Kf3
Rd4 66. Rb1 Rxd5 67. Ke4 Ke6 1/2-1/2

[Event "40. Open Ciudad de Sevilla 2015"]
[Site "Sevilla ESP"]
[Date "2015.02.01"]
[Round "9.6"]
[White "Granero Roca, Antonio"]
[Black "Silva Lucena, Cristian"]
[Result "1-0"]
[WhiteElo "2404"]
[BlackElo "2200"]
[PlyCount "77"]
[EventDate "2015.01.25"]
[EventType "swiss"]
[EventRounds "9"]
[EventCountry "ESP"]
[Source "lmi"]
[SourceDate "2015.01.25"]

1. d4 d5 2. c4 Nc6 3. cxd5 Qxd5 4. Nf3 e5 5. Nc3 Bb4 6. Bd2 Bxc3 7. Bxc3 e4 8.
Ne5 Nxe5 9. dxe5 Be6 10. Qa4+ Bd7 11. Qa3 Ne7 12. e3 Nc6 13. Rd1 Qe6 14. Qc5 b6
15. Qc4 Qxc4 16. Bxc4 Ne7 17. Bxf7+ Kxf7 18. Rxd7 Rac8 19. Ke2 Rhd8 20. Rhd1
Rxd7 21. Rxd7 Ke6 22. Rd4 Kf5 23. g4+ Kxg4 24. Rxe4+ Kf5 25. Rf4+ Ke6 26. Rh4
h6 27. e4 Rh8 28. f4 g6 29. Rh3 a5 30. b3 h5 31. Bb2 Rf8 32. Rf3 c6 33. Ke3 Rd8
34. Rf1 a4 35. bxa4 Ra8 36. Rd1 Rxa4 37. Rd6+ Kf7 38. e6+ Ke8 39. Rd7 1-0

[Event "40. Open Ciudad de Sevilla 2015"]
[Site "Sevilla ESP"]
[Date "2015.02.01"]
[Round "9.8"]
[White "Naranjo Moreno, Antonio"]
[Black "Carrabeo Garcia, Manuel"]
[Result "1-0"]
[WhiteElo "2285"]
[BlackElo "2160"]
[PlyCount "85"]
[EventDate "2015.01.25"]
[EventType "swiss"]
[EventRounds "9"]
[EventCountry "ESP"]
[Source "lmi"]
[SourceDate "2015.01.25"]

1. e4 e6 2. d4 d5 3. Nd2 dxe4 4. Nxe4 Bd7 5. Nf3 Bc6 6. Bd3 Nd7 7. O-O Ngf6 8.
Ng3 Be7 9. Re1 O-O 10. c4 Bxf3 11. Qxf3 c6 12. b3 Qa5 13. Bf4 Bb4 14. Re2 Rfe8
15. Ne4 Rad8 16. Rd1 Nxe4 17. Qxe4 Nf6 18. Qf3 Rd7 19. Be5 Be7 20. Bb1 Red8 21.
Re3 Qb6 22. Qh3 h6 23. Qf3 Qa5 24. h3 Qb6 25. Kh2 Qa5 26. Red3 Bd6 27. Qe3 Qc7
28. g3 Ne8 29. Qe4 Qa5 30. Kg2 g6 31. h4 Ng7 32. g4 h5 33. f3 Be7 34. Qf4 hxg4
35. fxg4 b5 36. h5 bxc4 37. Rh3 g5 38. Qf3 f6 39. h6 Ne8 40. bxc4 fxe5 41. Qe4
Ng7 42. hxg7 Rxd4 43. Rh8+ 1-0

[Event "40. Open Ciudad de Sevilla 2015"]
[Site "Sevilla ESP"]
[Date "2015.02.01"]
[Round "9.9"]
[White "Buijs Martin, Urtzi"]
[Black "Espejo Montagut, Jonathan"]
[Result "0-1"]
[WhiteElo "2118"]
[BlackElo "2101"]
[PlyCount "108"]
[EventDate "2015.01.25"]
[EventType "swiss"]
[EventRounds "9"]
[EventCountry "ESP"]
[Source "lmi"]
[SourceDate "2015.01.25"]

1. e4 c6 2. d4 d5 3. exd5 cxd5 4. Bd3 Nc6 5. c3 Qc7 6. Qb3 Nxd4 7. Qxd5 Nc6 8.
Ne2 Nf6 9. Qb3 e5 10. O-O e4 11. Bf4 Bd6 12. Bxd6 Qxd6 13. Bc4 O-O 14. Rd1 Qc7
15. Nd2 Ng4 16. Ng3 e3 17. fxe3 Nxe3 18. Re1 Na5 19. Bxf7+ Rxf7 20. Qb4 Re7 21.
Ndf1 Nd5 22. Rxe7 Nxe7 23. Re1 Nac6 24. Qc4+ Kh8 25. Qf7 Bd7 26. Nh5 Rg8 27.
Re3 Be8 28. Qf3 Bxh5 29. Qxh5 g6 30. Qg5 Nf5 31. Rh3 Qe7 32. Qf4 Rf8 33. Rf3
Ne5 34. Rh3 Qc5+ 35. Qf2 Qxf2+ 36. Kxf2 Kg7 37. Ke2 h5 38. Ne3 Nxe3 39. Rxe3
Nc6 40. b4 Rf5 41. a4 Re5 42. Rxe5 Nxe5 43. h3 Kf6 44. Ke3 Ke6 45. Kd4 Kd6 46.
c4 Nc6+ 47. Kc3 a5 48. bxa5 Kc5 49. g4 Nxa5 50. gxh5 gxh5 51. Kd3 Nxc4 52. Ke4
Kb4 53. Kf4 Kxa4 54. Kg5 b5 0-1

[Event "40. Open Ciudad de Sevilla 2015"]
[Site "Sevilla ESP"]
[Date "2015.02.01"]
[Round "9.10"]
[White "Barrero Garcia, Carlos"]
[Black "Leite, Catarina"]
[Result "1-0"]
[WhiteElo "2360"]
[BlackElo "2136"]
[PlyCount "171"]
[EventDate "2015.01.25"]
[EventType "swiss"]
[EventRounds "9"]
[EventCountry "ESP"]
[Source "lmi"]
[SourceDate "2015.01.25"]

1. Nf3 c5 2. e4 e6 3. d3 Nc6 4. g3 d5 5. Nbd2 Qc7 6. Bg2 Nf6 7. O-O Be7 8. Re1
dxe4 9. dxe4 e5 10. c3 Be6 11. Ng5 Bg4 12. Qb3 Bh5 13. Nc4 h6 14. Nf3 Bg4 15.
Ne3 Na5 16. Qc2 Be6 17. Nf5 Bxf5 18. exf5 Nd7 19. Nd2 O-O 20. Ne4 Nf6 21. Qe2
Rfe8 22. h4 Rad8 23. Be3 a6 24. b3 Rd7 25. Rac1 b5 26. Nxf6+ Bxf6 27. Qg4 Kf8
28. Qe4 Red8 29. Kh2 Kg8 30. Qg4 Kf8 31. Be4 c4 32. b4 Nb7 33. Qf3 Nd6 34. Bc6
e4 35. Bxe4 Nxe4 36. Qxe4 Rd3 37. Bc5+ Kg8 38. Re3 Qd7 39. Bb6 Rxe3 40. Qxe3
Re8 41. Qf3 Re5 42. Rd1 Qxf5 43. Qa8+ Kh7 44. Kg1 Bxh4 45. Bd4 Re6 46. Qb7 Bg5
47. Ra1 h5 48. Kg2 h4 49. Rh1 Rh6 50. Rh3 Qe6 51. Qf3 hxg3 52. Rxg3 Bf6 53.
Bxf6 Rxf6 54. Rh3+ Rh6 55. Rg3 Rh4 56. Rg5 Qe4 57. Qxe4+ Rxe4 58. a4 Kh6 59.
Rc5 bxa4 60. Ra5 Re6 61. Kf3 Rd6 62. Ke4 Rd3 63. Rxa4 Rxc3 64. Rxa6+ Kg5 65.
Ra5+ Kg4 66. Rf5 f6 67. f3+ Kh4 68. Kd4 Rc1 69. b5 c3 70. Rc5 c2 71. Kd3 Kg3
72. Kd2 Rf1 73. Kxc2 Rf2+ 74. Kb3 Rf1 75. Rc3 g5 76. Kc4 Rb1 77. Rb3 Rc1+ 78.
Kd5 Rc8 79. Ke6 g4 80. fxg4+ Kxg4 81. Kxf6 Rf8+ 82. Ke7 Rh8 83. b6 Rh7+ 84. Kd6
Rh6+ 85. Kc7 Rh7+ 86. Kb8 1-0

[Event "40. Open Ciudad de Sevilla 2015"]
[Site "Sevilla ESP"]
[Date "2015.02.01"]
[Round "9.11"]
[White "Ortega Valle, Jose Ramon"]
[Black "Gavilan Diaz, Mario"]
[Result "0-1"]
[WhiteElo "2033"]
[BlackElo "2250"]
[PlyCount "78"]
[EventDate "2015.01.25"]
[EventType "swiss"]
[EventRounds "9"]
[EventCountry "ESP"]
[Source "lmi"]
[SourceDate "2015.01.25"]

1. e4 c5 2. Nf3 Nf6 3. Nc3 d5 4. exd5 Nxd5 5. Bc4 e6 6. O-O Nc6 7. Bb5 Be7 8.
Ne5 Qc7 9. Re1 O-O 10. Bxc6 bxc6 11. Nf3 Rb8 12. Ne4 f5 13. Neg5 e5 14. d3 Bf6
15. c4 Ne7 16. Qe2 h6 17. h4 Ng6 18. Nh3 Re8 19. h5 Nh8 20. Nf4 Bd7 21. Ng6
Nxg6 22. hxg6 Qd6 23. Nd2 a5 24. Rb1 Re7 25. g4 e4 26. dxe4 fxg4 27. Nf1 Bd4
28. Kg2 Rf8 29. Be3 Qxg6 30. Ng3 Rf3 31. Bxd4 cxd4 32. Nf5 Rf7 33. Nxd4 Qf6 34.
Nf5 Bxf5 35. exf5 Qxf5 36. Rf1 Qf4 37. Rbe1 g3 38. Qe8+ Rf8 39. Qe6+ Kh8 0-1

[Event "40. Open Ciudad de Sevilla 2015"]
[Site "Sevilla ESP"]
[Date "2015.02.01"]
[Round "9.12"]
[White "Lopez Gonzalez, Daniel"]
[Black "Lopez Rodriguez, Fernando"]
[Result "1-0"]
[WhiteElo "2238"]
[BlackElo "2117"]
[PlyCount "83"]
[EventDate "2015.01.25"]
[EventType "swiss"]
[EventRounds "9"]
[EventCountry "ESP"]
[Source "lmi"]
[SourceDate "2015.01.25"]

1. c4 e6 2. g3 d5 3. Bg2 c5 4. Nf3 Nc6 5. cxd5 exd5 6. d4 c4 7. O-O Nf6 8. b3
cxb3 9. Qxb3 Be7 10. Nc3 O-O 11. Bg5 Na5 12. Qd1 Be6 13. Ne5 Rc8 14. Bd2 Nc4
15. Nxc4 Rxc4 16. e3 Qd7 17. a3 Rfc8 18. Qb3 Ne4 19. Nxe4 dxe4 20. Qb1 f5 21.
Bb4 Bxb4 22. axb4 Qd6 23. Rxa7 Rxb4 24. Qa1 Qb6 25. g4 h6 26. Ra8 Rxa8 27.
Qxa8+ Kh7 28. Qf8 Rb5 29. Qe7 Bc4 30. gxf5 Bxf1 31. f6 Qxf6 32. Bxe4+ Kg8 33.
Qe8+ Qf8 34. Bh7+ Kxh7 35. Qxf8 Bh3 36. f4 Rb2 37. Qe7 b5 38. Qe4+ Kg8 39. d5
b4 40. d6 b3 41. d7 Bxd7 42. Qd5+ 1-0

[Event "40. Open Ciudad de Sevilla 2015"]
[Site "Sevilla ESP"]
[Date "2015.02.01"]
[Round "9.13"]
[White "Morales Araujo, Francisco Javi"]
[Black "Medina Carrasco, Santiago"]
[Result "1/2-1/2"]
[WhiteElo "2031"]
[BlackElo "2200"]
[PlyCount "91"]
[EventDate "2015.01.25"]
[EventType "swiss"]
[EventRounds "9"]
[EventCountry "ESP"]
[Source "lmi"]
[SourceDate "2015.01.25"]

1. f4 d5 2. Nf3 Nf6 3. g3 g6 4. Bg2 Bg7 5. c3 O-O 6. O-O Nc6 7. d3 Qd6 8. Qc2
Ng4 9. e4 dxe4 10. dxe4 Qc5+ 11. Kh1 Be6 12. Na3 Rad8 13. h3 Nf6 14. Qe2 Qh5
15. Ng1 Qxe2 16. Nxe2 a6 17. Be3 Rd3 18. Nc2 Rfd8 19. Rfe1 Bc8 20. Ned4 Nxd4
21. cxd4 Nh5 22. g4 Rxe3 23. Rxe3 Nxf4 24. Rd1 c5 25. e5 Nxg2 26. Kxg2 Be6 27.
b3 b5 28. Ree1 Bd5+ 29. Kf2 c4 30. Ne3 c3 31. Nxd5 Rxd5 32. h4 e6 33. b4 Bf8
34. a3 a5 35. Ke3 axb4 36. axb4 Bxb4 37. Ra1 Be7 38. Ra8+ Kg7 39. g5 b4 40. Kd3
Bc5 41. Re4 c2 42. Kxc2 Rxd4 43. Rxd4 Bxd4 44. Rb8 Bxe5 45. Rxb4 h6 46. Kd3
1/2-1/2

[Event "40. Open Ciudad de Sevilla 2015"]
[Site "Sevilla ESP"]
[Date "2015.02.01"]
[Round "9.14"]
[White "Diaz Castro, Ismael"]
[Black "Rodriguez Perez, Angel Mariano"]
[Result "0-1"]
[WhiteElo "2006"]
[BlackElo "2171"]
[PlyCount "68"]
[EventDate "2015.01.25"]
[EventType "swiss"]
[EventRounds "9"]
[EventCountry "ESP"]
[Source "lmi"]
[SourceDate "2015.01.25"]

1. e4 d6 2. d4 g6 3. Nc3 Bg7 4. Bg5 c6 5. Qd2 Nd7 6. f4 b5 7. Nf3 Nb6 8. O-O-O
Nc4 9. Bxc4 bxc4 10. Ne2 Qb6 11. Ng3 h6 12. Bh4 a5 13. f5 Rb8 14. Qc3 Qb4 15.
fxg6 fxg6 16. Ne2 Nf6 17. Bxf6 Bxf6 18. e5 Bg7 19. exd6 exd6 20. Nf4 Qxc3 21.
bxc3 Bf5 22. Nh4 h5 23. Rde1+ Kf7 24. Rhf1 Bh6 25. Nxf5 gxf5 26. Re2 Rhg8 27.
g3 Rge8 28. Rxe8 Kxe8 29. Kd1 Rb1+ 30. Ke2 Rb2 31. Kd1 Rxa2 32. Nxh5 Ra1+ 33.
Ke2 Rxf1 34. Kxf1 a4 0-1

[Event "40. Open Ciudad de Sevilla 2015"]
[Site "Sevilla ESP"]
[Date "2015.02.01"]
[Round "9.15"]
[White "Coba Moncada, Jacinto"]
[Black "Mcmahon, Daire"]
[Result "1/2-1/2"]
[WhiteElo "1903"]
[BlackElo "2147"]
[PlyCount "113"]
[EventDate "2015.01.25"]
[EventType "swiss"]
[EventRounds "9"]
[EventCountry "ESP"]
[Source "lmi"]
[SourceDate "2015.01.25"]

1. c4 e5 2. Nc3 Nf6 3. Nf3 Nc6 4. g3 Bc5 5. Bg2 d6 6. O-O O-O 7. d3 a6 8. Bg5
h6 9. Bxf6 Qxf6 10. Rb1 Qd8 11. Nd5 Rb8 12. b4 Ba7 13. a4 Ne7 14. Ne1 Nxd5 15.
Bxd5 Bh3 16. Bg2 Qd7 17. e3 Bxg2 18. Nxg2 b5 19. axb5 axb5 20. Qf3 c6 21. Rfc1
d5 22. c5 f5 23. d4 e4 24. Qh5 Rf6 25. h4 Rbf8 26. Ra1 Kh7 27. Ra6 Bb8 28. Rca1
g6 29. Qe2 g5 30. Qh5 Rg6 31. Kf1 f4 32. gxf4 g4 33. Ra8 Rf5 34. Qxg6+ Kxg6 35.
Rxb8 Rf6 36. Raa8 Kh5 37. Rd8 Qf7 38. Re8 Qd7 39. Rad8 Qa7 40. Ra8 Qd7 41. Rg8
Rf5 42. Rh8 Rf6 43. Rag8 Rg6 44. Re8 Rf6 45. Rhg8 Rf5 46. Kg1 Qh7 47. Ra8 Qf7
48. Kh2 Rf6 49. Kg3 Rf5 50. Raf8 Qxf8 51. Rxf8 Rxf8 52. f5 Rxf5 53. Nf4+ Rxf4
54. exf4 Kg6 55. Kxg4 h5+ 56. Kh3 Kf6 57. Kg2 1/2-1/2

[Event "40. Open Ciudad de Sevilla 2015"]
[Site "Sevilla ESP"]
[Date "2015.02.01"]
[Round "9.16"]
[White "Delgado Serrano, Angel"]
[Black "Carruana Fuentes, Rafael"]
[Result "1/2-1/2"]
[WhiteElo "2119"]
[BlackElo "2033"]
[PlyCount "137"]
[EventDate "2015.01.25"]
[EventType "swiss"]
[EventRounds "9"]
[EventCountry "ESP"]
[Source "lmi"]
[SourceDate "2015.01.25"]

1. Nf3 c5 2. g3 Nc6 3. Bg2 g6 4. O-O Bg7 5. e4 d6 6. d3 Nf6 7. Nbd2 O-O 8. a4
Rb8 9. Nc4 e5 10. c3 Be6 11. Ng5 Bc8 12. Ne3 h6 13. Nh3 Be6 14. f4 exf4 15.
Nxf4 Qd7 16. Nxe6 fxe6 17. Bh3 Qe7 18. Ng4 Kh7 19. Be3 b6 20. Qd2 g5 21. Qe2 d5
22. Bd2 d4 23. c4 Rf7 24. Rf2 Rbf8 25. Raf1 Nd7 26. Rxf7 Rxf7 27. Rxf7 Qxf7 28.
Nf2 Nde5 29. Kg2 Qg6 30. Bg4 Qf6 31. Bh5 Bf8 32. Be8 Bd6 33. Bxc6 Nxc6 34. Qh5
Ne5 35. Qe2 Kg6 36. Ng4 Nxg4 37. Qxg4 h5 38. Qf3 Qxf3+ 39. Kxf3 g4+ 40. Kf2 Kf6
41. Bf4 Ke7 42. Ke2 Kd7 43. Ke1 Kc6 44. b3 Be7 45. Ke2 a6 46. Kd1 b5 47. axb5+
axb5 48. Kc2 Bd8 49. Bd2 Bc7 50. Bg5 Ba5 51. Kd1 Bc3 52. Bd8 Bb4 53. Ke2 bxc4
54. bxc4 Kb7 55. Bg5 Ka6 56. Bd8 Ba5 57. Bg5 Bb6 58. Bd2 Bc7 59. Kf2 Ba5 60.
Bg5 Bb4 61. Bd8 Bd2 62. Kg2 Ba5 63. Bg5 Bc7 64. Bd2 Bd8 65. h3 Ba5 66. Bg5 Be1
67. hxg4 hxg4 68. Bd8 Bd2 69. Bc7 1/2-1/2

[Event "40. Open Ciudad de Sevilla 2015"]
[Site "Sevilla ESP"]
[Date "2015.02.01"]
[Round "9.17"]
[White "Diaz Castro, Sergio"]
[Black "Morillo-Velarde Gallego, Anton"]
[Result "1-0"]
[WhiteElo "2255"]
[BlackElo "1960"]
[PlyCount "109"]
[EventDate "2015.01.25"]
[EventType "swiss"]
[EventRounds "9"]
[EventCountry "ESP"]
[Source "lmi"]
[SourceDate "2015.01.25"]

1. e4 e5 2. Nf3 Nc6 3. Bb5 Bc5 4. O-O d6 5. c3 Bd7 6. d3 Nf6 7. Nbd2 a6 8. Ba4
b5 9. Bc2 b4 10. Nc4 O-O 11. d4 Ba7 12. dxe5 dxe5 13. Nfxe5 bxc3 14. Nxd7 Qxd7
15. Qxd7 Nxd7 16. bxc3 Nc5 17. Be3 Rfe8 18. Rfe1 Re7 19. Rad1 Rae8 20. f3 Ne5
21. Nxe5 Rxe5 22. f4 Rh5 23. g4 Rh6 24. Rd5 Rc6 25. e5 Bb6 26. f5 h6 27. Kg2 f6
28. e6 Nxe6 29. Ba4 Rxc3 30. Bxe8 Rxe3 31. Rxe3 Nf4+ 32. Kf3 Nxd5 33. Rd3 Nb4
34. Rd2 a5 35. a3 Kf8 36. Bb5 c6 37. Bc4 Nd5 38. Bxd5 cxd5 39. Rxd5 Ke7 40. Ke4
Bc7 41. h3 Bb6 42. Rb5 Bc7 43. Kd5 Kd7 44. Rb7 Kd8 45. Kc6 Be5 46. Rxg7 Bf4 47.
Ra7 Bc1 48. Rxa5 Ke8 49. Ra8+ Ke7 50. Ra7+ Kd8 51. a4 Be3 52. Rf7 Bg5 53. a5
Ke8 54. Rh7 Bf4 55. a6 1-0

[Event "40. Open Ciudad de Sevilla 2015"]
[Site "Sevilla ESP"]
[Date "2015.02.01"]
[Round "9.18"]
[White "Felizes, Paulo"]
[Black "Martin Rengel, Jose Maria"]
[Result "0-1"]
[WhiteElo "2055"]
[BlackElo "1970"]
[PlyCount "68"]
[EventDate "2015.01.25"]
[EventType "swiss"]
[EventRounds "9"]
[EventCountry "ESP"]
[Source "lmi"]
[SourceDate "2015.01.25"]

1. d4 d6 2. Nf3 Nf6 3. Bg5 Ne4 4. h4 c5 5. dxc5 Qa5+ 6. Nbd2 Nxd2 7. Qxd2 Qxc5
8. e4 a6 9. Bd3 Bg4 10. Be3 Qc7 11. O-O-O Nc6 12. Bc4 Bxf3 13. gxf3 Ne5 14. Bb3
e6 15. f4 Nc4 16. Qc3 Rc8 17. Bd4 Rg8 18. Rhg1 g6 19. Bf6 b5 20. f5 e5 21. f4
exf4 22. Rd5 Ne3 23. Qd3 Nxd5 24. exd5 Bh6 25. Re1+ Kf8 26. Qe4 f3+ 27. Kb1 f2
28. Be7+ Qxe7 29. Qxe7+ Kg7 30. Rd1 Rge8 31. Qa7 Re1 32. Qd4+ Kg8 33. Qd3 Rxd1+
34. Qxd1 Re8 0-1

[Event "40. Open Ciudad de Sevilla 2015"]
[Site "Sevilla ESP"]
[Date "2015.02.01"]
[Round "9.19"]
[White "Jimenez Morales, Miguel"]
[Black "Planas Gene, Juan"]
[Result "1-0"]
[WhiteElo "1972"]
[BlackElo "2053"]
[PlyCount "41"]
[EventDate "2015.01.25"]
[EventType "swiss"]
[EventRounds "9"]
[EventCountry "ESP"]
[Source "lmi"]
[SourceDate "2015.01.25"]

1. a3 Nf6 2. b4 g6 3. Bb2 Bg7 4. g3 O-O 5. Bg2 d6 6. d3 e5 7. Nd2 c6 8. Ngf3
Be6 9. O-O h6 10. c4 Qd7 11. c5 Nh7 12. Qc2 f6 13. cxd6 Qxd6 14. d4 Bf5 15. e4
Be6 16. dxe5 fxe5 17. Nc4 Bxc4 18. Qxc4+ Kh8 19. Rad1 Qe7 20. Nh4 Qe8 21. Rd8
1-0

[Event "40. Open Ciudad de Sevilla 2015"]
[Site "Sevilla ESP"]
[Date "2015.02.01"]
[Round "9.20"]
[White "Gentes Benito, Mauricio"]
[Black "Lillo Ferrer, Jose Maria"]
[Result "1-0"]
[WhiteElo "1964"]
[BlackElo "2052"]
[PlyCount "52"]
[EventDate "2015.01.25"]
[EventType "swiss"]
[EventRounds "9"]
[EventCountry "ESP"]
[Source "lmi"]
[SourceDate "2015.01.25"]

1. e4 g6 2. d4 Bg7 3. Nc3 d6 4. Nf3 a6 5. Bc4 e6 6. a4 b6 7. Bg5 Ne7 8. O-O h6
9. Be3 O-O 10. Qd2 Kh7 11. Rfe1 Nd7 12. Ra3 Bb7 13. Ba2 Nf6 14. e5 Nfd5 15.
Ng5+ hxg5 16. Bxg5 dxe5 17. Nxd5 Bxd5 18. Rh3+ Kg8 19. c4 Be4 20. Qe2 Bc6 21.
dxe5 Qe8 22. Bf6 Rd8 23. Rf1 Nf5 24. Qg4 Qd7 25. Bb1 Nh6 26. Qh4 Qd4 1-0